000
00265nam a2200109Ia 4500
005
20251222114356.0
008
251222s1900||||xx |||||||||||||| ||spa||
082
_a
DVD0092/G25/2000
245
0
_a
Islam: imperio de la fe.
264
_b
Gardner, Robert A.
942
_c
DVD
999
_c
1459
_d
1459